[Event "FICGS rapid A 000220 email"]
[Site "FICGS email"]
[Date "2018.07.01"]
[Round "1"]
[White "Forsti, Eero"]
[Black "Romig, James"]
[Result "1-0"]
[WhiteElo "2093"]
[BlackElo "2141"]
[PlyCount "129"]
[EventDate "2018.??.??"]
[EventType "tourn (rapid)"]
[EventRounds "6"]
[SourceTitle "Corr 2022"]
[Source "ChessBase"]
[SourceDate "2021.10.24"]
[SourceVersion "1"]
[SourceVersionDate "2021.10.24"]
[SourceQuality "1"]

1. d4 Nf6 2. c4 g6 3. Nc3 d5 4. Nf3 Bg7 5. Qb3 dxc4 6. Qxc4 0-0 7. e4 b6 8. e5 Be6 9. exf6 Bxc4 10. fxg7 Kxg7 11. Bxc4 Nd7 12. Bd5 Rb8 13. Bc6 b5 14. 0-0 a6 15. Be3 Nf6 16. Rac1 e6 17. Ne5 Qd6 18. Ne4 Nxe4 19. Bxe4 f6 20. Nc6 Rbe8 21. Bd2 Qd7 22. Bb4 Rf7 23. Rfe1 h5 24. Bc5 g5 25. Na5 h4 26. h3 Rg8 27. Bc6 Qc8 28. Re4 Kh6 29. Rce1 e5 30. dxe5 fxe5 31. Rxe5 Rf6 32. b4 Kh5 33. Re7 Kh6 34. R1e5 Qd8 35. Rd7 Re8 36. Rxd8 Rxe5 37. Bf3 Re1+ 38. Kh2 Rf4 39. Ra8 Re6 40. Bd5 Re5 41. Rxa6+ Kg7 42. Bf3 Re1 43. Nb3 Rf5 44. Rc6 Rf7 45. Nd4 Rf6 46. Rxc7+ Rf7 47. Rxf7+ Kxf7 48. Nxb5 Ra1 49. Nc3 Rc1 50. Bd4 Rc2 51. Bd5+ Ke7 52. b5 Kd6 53. b6 Kd7 54. a4 Rb2 55. b7 Rb4 56. Nb5 Rxd4 57. Nxd4 Kd6 58. Nb5+ Kxd5 59. b8Q g4 60. hxg4 Ke6 61. Qd6+ Kf7 62. Nd4 Kg8 63. Qd7 Kh8 64. Nf5 h3 65. Qg7# 1-0

[Event "FICGS rapid A 000211 email"]
[Site "FICGS email"]
[Date "2018.02.15"]
[Round "1"]
[White "Duttagupta, Aniruddha"]
[Black "Forsti, Eero"]
[Result "1/2-1/2"]
[WhiteElo "1928"]
[BlackElo "1977"]
[PlyCount "50"]
[EventDate "2018.??.??"]
[EventType "tourn (rapid)"]
[EventRounds "6"]
[SourceTitle "Corr 2022"]
[Source "ChessBase"]
[SourceDate "2021.10.24"]
[SourceVersion "1"]
[SourceVersionDate "2021.10.24"]
[SourceQuality "1"]

1. c4 g6 2. g3 c5 3. Bg2 Bg7 4. Nc3 Nc6 5. a3 d6 6. Rb1 a5 7. d3 e5 8. Nf3 Nge7 9. Bd2 0-0 10. 0-0 Rb8 11. Qc1 b6 12. Bh6 f6 13. Bxg7 Kxg7 14. Ne1 Be6 15. Nc2 d5 16. cxd5 Nxd5 17. Nxd5 Bxd5 18. Bxd5 Qxd5 19. b4 b5 20. Ne3 Qd4 21. bxa5 Nxa5 22. Qb2 Nc6 23. Rfc1 Rfc8 24. Qa2 Nd8 25. Nd5 Nf7 1/2-1/2

[Event "FICGS rapid B 000255 email"]
[Site "FICGS email"]
[Date "2018.01.12"]
[Round "1"]
[White "Forsti, Eero"]
[Black "Ream, Scott"]
[Result "1-0"]
[WhiteElo "1984"]
[BlackElo "1800"]
[PlyCount "45"]
[EventDate "2018.??.??"]
[EventType "tourn (rapid)"]
[EventRounds "6"]
[SourceTitle "Corr 2022"]
[Source "ChessBase"]
[SourceDate "2021.10.24"]
[SourceVersion "1"]
[SourceVersionDate "2021.10.24"]
[SourceQuality "1"]

1. d4 Nf6 2. c4 e6 3. Nf3 b6 4. g3 Ba6 5. Qc2 c5 6. d5 exd5 7. cxd5 Bb7 8. e4 Qe7 9. Bd3 Nxd5 10. a3 f5 11. 0-0 fxe4 12. Re1 Nf6 13. Nc3 d5 14. Bf4 Nbd7 15. Ng5 h6 16. Ngxe4 dxe4 17. Nxe4 0-0-0 18. Nc3 Qf7 19. Bg6 Qc4 20. Rad1 Qa6 21. Bd3 c4 22. Bxc4 Qxc4 23. Rd4 1-0

[Event "FICGS rapid A 000205 email"]
[Site "FICGS email"]
[Date "2017.11.30"]
[Round "1"]
[White "Forsti, Eero"]
[Black "Sorbi, Luca"]
[Result "1-0"]
[WhiteElo "1984"]
[BlackElo "2028"]
[PlyCount "107"]
[EventDate "2017.??.??"]
[EventType "tourn (rapid)"]
[EventRounds "6"]
[SourceTitle "Corr 2022"]
[Source "ChessBase"]
[SourceDate "2021.10.24"]
[SourceVersion "1"]
[SourceVersionDate "2021.10.24"]
[SourceQuality "1"]

1. Nf3 Nf6 2. g3 d5 3. Bg2 c6 4. 0-0 Bg4 5. d3 Nbd7 6. Nbd2 e5 7. e4 dxe4 8. dxe4 Bc5 9. h3 Bh5 10. Qe1 0-0 11. a4 Re8 12. Nb3 Bf8 13. Nh4 Qc7 14. Be3 c5 15. g4 Bg6 16. Nd2 c4 17. Nxg6 hxg6 18. c3 Nc5 19. Qb1 Ne6 20. Rd1 Nf4 21. Bf1 a6 22. Nxc4 Nxh3+ 23. Bxh3 Qxc4 24. g5 Nh5 25. Bd7 Re7 26. Bg4 Nf4 27. Qc2 Ree8 28. b3 Qc6 29. Bd7 Qxc3 30. Qxc3 Ne2+ 31. Kg2 Nxc3 32. Rd3 Re7 33. Rc1 Ne2 34. Rc7 Rd8 35. Rd5 b5 36. a5 Nf4+ 37. Bxf4 exf4 38. e5 Kh7 39. Ra7 Rde8 40. Kf3 Rxe5 41. Bxe8 Rxd5 42. Bxf7 Rxg5 43. Rxa6 Bb4 44. Ra8 Rc5 45. Kg4 Rc7 46. Bg8+ Kh6 47. a6 Bc5 48. Bd5 g5 49. f3 g6 50. Rg8 Rg7 51. Rh8+ Rh7 52. Rxh7+ Kxh7 53. Kxg5 Kg7 54. Be4 1-0

[Event "FICGS rapid B 000252 email"]
[Site "FICGS email"]
[Date "2017.10.28"]
[Round "1"]
[White "Forsti, Eero"]
[Black "Cesbron, Guy"]
[Result "1-0"]
[WhiteElo "1984"]
[BlackElo "1866"]
[PlyCount "67"]
[EventDate "2017.??.??"]
[EventType "tourn (rapid)"]
[EventRounds "6"]
[SourceTitle "Corr 2022"]
[Source "ChessBase"]
[SourceDate "2021.10.24"]
[SourceVersion "1"]
[SourceVersionDate "2021.10.24"]
[SourceQuality "1"]

1. d4 d5 2. c4 c6 3. Nf3 Nf6 4. g3 e6 5. Bg2 Nbd7 6. 0-0 Bd6 7. Nc3 dxc4 8. Nd2 Nb6 9. Na4 Nxa4 10. Qxa4 0-0 11. Qc2 b5 12. b3 cxb3 13. Nxb3 Bb7 14. Bg5 Qb6 15. a4 Nd5 16. Bd2 a6 17. Ba5 Qa7 18. Nc5 Be7 19. Nd7 Rfc8 20. Qd2 Bd8 21. Bxd5 exd5 22. e3 Bxa5 23. Qxa5 Rd8 24. Nc5 Qb8 25. Qb6 Ra7 26. Rfb1 Rd6 27. Re1 f5 28. Rec1 h6 29. h4 Kh7 30. h5 Kh8 31. Nd3 Ra8 32. Ne5 Kh7 33. Rc5 Rd8 34. a5 1-0

[Event "FICGS rapid B 000252 email"]
[Site "FICGS email"]
[Date "2017.10.28"]
[Round "1"]
[White "Tambe, Rod"]
[Black "Forsti, Eero"]
[Result "1/2-1/2"]
[WhiteElo "2057"]
[BlackElo "1984"]
[PlyCount "144"]
[EventDate "2017.??.??"]
[EventType "tourn (rapid)"]
[EventRounds "6"]
[SourceTitle "Corr 2022"]
[Source "ChessBase"]
[SourceDate "2021.10.24"]
[SourceVersion "1"]
[SourceVersionDate "2021.10.24"]
[SourceQuality "1"]

1. e4 d5 2. exd5 Qxd5 3. Nf3 Bg4 4. Be2 Nc6 5. d4 0-0-0 6. c4 Qf5 7. Be3 Bxf3 8. Bxf3 Nxd4 9. Bxd4 Qe6+ 10. Be2 Qe4 11. 0-0 Qxd4 12. Qa4 e6 13. Nc3 Bd6 14. Nb5 Qe5 15. Nxd6+ cxd6 16. Bf3 Kb8 17. Rfe1 Qc5 18. b4 Qc7 19. c5 Ne7 20. Rac1 dxc5 21. bxc5 Nd5 22. g3 g5 23. Rc2 Qc6 24. Qa3 Rc8 25. Rb1 Rc7 26. Rcb2 Ka8 27. Rb5 Qe8 28. R1b3 Qc8 29. Ra5 Qb8 30. Qa4 Rc6 31. Rab5 h6 32. Rxb7 Qxb7 33. Rxb7 Kxb7 34. Bh5 Rc7 35. Qb5+ Ka8 36. Bf3 Rd8 37. Kg2 Rdc8 38. Qd3 f5 39. Bxd5+ exd5 40. Qxd5+ Rc6 41. h4 gxh4 42. gxh4 a6 43. Kh3 Ka7 44. Qxf5 R8c7 45. Qh5 Rf6 46. f3 Rg7 47. Qd5 Rfg6 48. Qd2 Rg3+ 49. Kh2 Rxf3 50. Qb2 Rgf7 51. Qb6+ Ka8 52. Qxa6+ Kb8 53. Qb6+ Ka8 54. Qxh6 Rf2+ 55. Kg3 R2f3+ 56. Kg4 R3f6 57. Qg5 Ka7 58. h5 Rc6 59. a4 Rfc7 60. Qe3 Kb8 61. Qe8+ Ka7 62. a5 Rxc5 63. h6 Rc3 64. Qe6 R3c6 65. Qe3+ Kb7 66. Qe4 Ka6 67. Qe2+ Ka7 68. Qe3+ Kb8 69. Qe8+ Kb7 70. Qe4 Ka6 71. Qd3+ Kxa5 72. Qf5+ Rc5 1/2-1/2

[Event "FICGS rapid B 000246 email"]
[Site "FICGS email"]
[Date "2016.11.08"]
[Round "1"]
[White "Forsti, Eero"]
[Black "Knighton, Robert"]
[Result "1/2-1/2"]
[WhiteElo "2000"]
[BlackElo "1933"]
[PlyCount "112"]
[EventDate "2016.??.??"]
[EventType "tourn (rapid)"]
[EventRounds "6"]
[SourceTitle "Corr 2022"]
[Source "ChessBase"]
[SourceDate "2021.10.24"]
[SourceVersion "1"]
[SourceVersionDate "2021.10.24"]
[SourceQuality "1"]

1. e4 c5 2. Nc3 Nc6 3. d3 e6 4. g3 g6 5. Bg2 Bg7 6. Be3 d6 7. Qd2 Bd7 8. Nf3 Nd4 9. 0-0 Ne7 10. Bh6 0-0 11. Nd1 e5 12. Bxg7 Kxg7 13. Nh4 f5 14. c3 Ne6 15. exf5 gxf5 16. f4 exf4 17. gxf4 Kh8 18. Ne3 Qe8 19. Kh1 Qh5 20. Qf2 Rab8 21. Nd5 Nxd5 22. Bxd5 Rf6 23. Ng2 Bb5 24. Rad1 b6 25. Ne3 Re8 26. b4 Rh6 27. Rg1 Nc7 28. Rg5 Qh4 29. Qxh4 Rxh4 30. Nxf5 Nxd5 31. Nxh4 Nxf4 32. Rf5 Ne2 33. Ng2 Nxc3 34. Rd2 Bc6 35. Kg1 cxb4 36. Rf7 a5 37. Nf4 b5 38. Rc7 Rg8+ 39. Kf1 Be8 40. Rb2 Rf8 41. Rf2 Kg8 42. Rc8 Bf7 43. Rg2+ Bg6 44. Rxf8+ Kxf8 45. Nxg6+ hxg6 46. Ke1 Kf7 47. Rg5 Kf6 48. h4 a4 49. Kd2 Nxa2 50. Rxb5 b3 51. Ra5 b2 52. Kc2 Nb4+ 53. Kxb2 Nxd3+ 54. Kc2 Ne1+ 55. Kc3 Nf3 56. Rxa4 g5 1/2-1/2